[Event "World Amateur-ch U2000"]
[Site "Muscat"]
[Date "2023.11.07"]
[Round "6.7"]
[White "Ravil, Pernekhan"]
[Black "Kizza, Faruk Fauza Karim"]
[Result "1-0"]
[WhiteElo "1764"]
[BlackElo "1888"]
[PlyCount "117"]
[EventDate "2023.11.02"]
[EventType "swiss"]
[EventRounds "9"]
[EventCountry "OMN"]
[SourceTitle "CB46_2023"]
[SourceDate "2023.11.15"]
[SourceVersion "1"]
[SourceVersionDate "2023.11.15"]
[SourceQuality "1"]

1. d4 d5 2. Nc3 Nf6 3. Bf4 c6 4. e3 Bg4 5. f3 Bf5 6. g4 Bg6 7. h4 h6 8. Nge2 e6 9. Bg2 Bd6 10. Kf2 Qc7 11. Bxd6 Qxd6 12. Nf4 Nbd7 13. Nxg6 fxg6 14. Qd3 Nf8 15. g5 Nh5 16. f4 0-0-0 17. Ne2 Rd7 18. Bf3 Rf7 19. c3 Kb8 20. b4 Rc7 21. a4 Qe7 22. c4 Qxb4 23. c5 Qa5 24. Nc1 Rf7 25. Qc2 Qc7 26. Nd3 Nd7 27. a5 Rhf8 28. Qe2 Ka8 29. Bxh5 gxh5 30. Qxh5 hxg5 31. hxg5 a6 32. Ke2 Qd8 33. Qg6 Qe7 34. Rh7 Rg8 35. Rh2 Nf8 36. Qh5 g6 37. Qg4 Rh7 38. Rxh7 Qxh7 39. Nf2 Rh8 40. Rh1 Qg7 41. Rxh8 Qxh8 42. Qh3 Qxh3 43. Nxh3 Kb8 44. e4 Kc7 45. Ke3 Kd7 46. Ng1 Ke7 47. Nf3 Nd7 48. Nh4 Kf7 49. f5 exf5 50. exf5 gxf5 51. Kf4 Nf8 52. Kxf5 Ne6 53. g6+ Ke7 54. Ke5 Ng5 55. Nf5+ Kf8 56. Kd6 Nf3 57. Kc7 Nd2 58. Kxb7 Nc4 59. Kxa6 1-0

[Event "Nairobi op"]
[Site "Nairobi"]
[Date "2023.04.07"]
[Round "4"]
[White "Saveliy, Yakolev"]
[Black "Kizza, Faruk Fauza Karim"]
[Result "1/2-1/2"]
[WhiteElo "1536"]
[BlackElo "1904"]
[PlyCount "52"]
[EventDate "2023.04.06"]
[EventType "swiss"]
[EventRounds "9"]
[EventCountry "KEN"]
[SourceTitle "EXT 2024"]
[Source "ChessBase"]
[SourceDate "2023.10.10"]
[SourceVersion "1"]
[SourceVersionDate "2023.10.10"]
[SourceQuality "1"]

1. d4 d5 2. c4 e6 3. Nc3 Nf6 4. cxd5 exd5 5. Bg5 Be7 6. e3 0-0 7. Bd3 c6 8. Qc2 h6 9. Bh4 Re8 10. Nge2 Nbd7 11. 0-0 Bd6 12. Bg3 Bxg3 13. Nxg3 Nf8 14. b4 Ne6 15. Na4 Bd7 16. Nc5 Nxc5 17. bxc5 b5 18. cxb6 axb6 19. Rab1 Qc7 20. Rfc1 Rec8 21. Nf5 Be8 22. h3 c5 23. dxc5 bxc5 24. Bb5 Bxb5 25. Rxb5 c4 26. Qc3 Qd7 1/2-1/2

[Event "Kampala Kireka op 6th"]
[Site "Kampala"]
[Date "2022.12.28"]
[Round "2"]
[White "Kizza, Faruk Fauza Karim"]
[Black "Nkwambo, Jimmy Sserwadda"]
[Result "1-0"]
[WhiteElo "1906"]
[BlackElo "1575"]
[PlyCount "53"]
[EventDate "2022.12.28"]
[EventType "swiss"]
[EventRounds "8"]
[EventCountry "UGA"]
[SourceTitle "EXT 2024"]
[Source "ChessBase"]
[SourceDate "2023.10.10"]
[SourceVersion "1"]
[SourceVersionDate "2023.10.10"]
[SourceQuality "1"]

1. e4 e6 2. Qe2 Nc6 3. c3 d6 4. Nf3 Nf6 5. g3 e5 6. Bg2 Be7 7. 0-0 0-0 8. h3 h6 9. d4 exd4 10. cxd4 Re8 11. Nc3 Nh7 12. d5 Nb8 13. Nd4 Bf6 14. Qd2 Bxd4 15. Qxd4 Qf6 16. Qd1 Nd7 17. Be3 Nb6 18. Nb5 Qd8 19. Rc1 Re7 20. Qc2 Bd7 21. Qb3 c6 22. Nxd6 cxd5 23. Nxb7 Ba4 24. Nxd8 Bxb3 25. Nc6 Bc4 26. Nxe7+ Kf8 27. Nxd5 1-0

[Event "Africa-ch U2000"]
[Site "Mombasa"]
[Date "2022.11.27"]
[Round "1"]
[White "Kizza, Faruk Fauza Karim"]
[Black "Hoareau, Benjamin"]
[Result "1-0"]
[WhiteElo "1906"]
[BlackElo "1733"]
[PlyCount "72"]
[EventDate "2022.11.27"]
[EventType "swiss"]
[EventRounds "9"]
[EventCountry "KEN"]
[SourceTitle "EXT 2024"]
[Source "ChessBase"]
[SourceDate "2023.10.10"]
[SourceVersion "1"]
[SourceVersionDate "2023.10.10"]
[SourceQuality "1"]

1. Nf3 c5 2. b3 d5 3. e3 Nf6 4. Bb2 Nc6 5. g3 Bg4 6. Bg2 e5 7. h3 Bxf3 8. Bxf3 e4 9. Bg2 Bd6 10. d3 0-0 11. 0-0 Re8 12. Nd2 Be5 13. Bxe5 Rxe5 14. a3 Qe7 15. Qb1 Rd8 16. c3 h5 17. d4 cxd4 18. cxd4 Rg5 19. Qc2 h4 20. g4 Qe6 21. f4 exf3 22. Nxf3 Rg6 23. Nxh4 Qxe3+ 24. Qf2 Qxf2+ 25. Rxf2 Rh6 26. Nf5 Rh8 27. Re1 Kf8 28. b4 g6 29. b5 Na5 30. Ng3 Ne8 31. Re6 Kg7 32. Re5 Nc7 33. Re7 Nxb5 34. Rfxf7+ Kg8 35. Rf6 Nxd4 36. Rxg6+ Kf8 1-0

[Event "Kampala Rwabushenyi Memorial"]
[Site "Kampala"]
[Date "2021.12.04"]
[Round "6"]
[White "Namaganda, Christine"]
[Black "Kizza, Faruk Fauza Karim"]
[Result "0-1"]
[WhiteElo "1661"]
[BlackElo "1957"]
[PlyCount "76"]
[EventDate "2021.12.02"]
[EventType "swiss"]
[EventRounds "8"]
[EventCountry "UGA"]
[SourceTitle "EXT 2023"]
[Source "ChessBase"]
[SourceDate "2022.10.05"]
[SourceVersion "1"]
[SourceVersionDate "2022.10.05"]
[SourceQuality "1"]

1. d4 Nf6 2. Bf4 e6 3. e3 b6 4. Nf3 Bb7 5. Be2 d6 6. c4 g6 7. Nc3 Bg7 8. h3 Nbd7 9. Bg5 h6 10. Bh4 0-0 11. 0-0 a6 12. Rc1 Re8 13. Qc2 Rc8 14. e4 g5 15. Bg3 e5 16. dxe5 dxe5 17. Rfd1 Qe7 18. Nd5 Nxd5 19. cxd5 Nf8 20. a3 Ng6 21. Bc4 Nf4 22. Ba2 Qf6 23. Rd2 Nxh3+ 24. Kh2 Nf4 25. Qb3 Bf8 26. Bxf4 gxf4 27. Kg1 Bd6 28. Nh2 Rcd8 29. Qh3 Kh7 30. Re2 Bc8 31. Qd3 Re7 32. f3 Rg8 33. Qd1 Qh4 34. Kh1 Rg5 35. b4 f5 36. Qe1 Rg3 37. Rc6 Qf6 38. Bb1 Reg7 0-1

[Event "Kampala Rwabushenyi Memorial"]
[Site "Kampala"]
[Date "2021.12.03"]
[Round "4"]
[White "Eculo, Isaac"]
[Black "Kizza, Faruk Fauza Karim"]
[Result "1/2-1/2"]
[WhiteElo "1532"]
[BlackElo "1957"]
[PlyCount "73"]
[EventDate "2021.12.02"]
[EventType "swiss"]
[EventRounds "8"]
[EventCountry "UGA"]
[SourceTitle "EXT 2023"]
[Source "ChessBase"]
[SourceDate "2022.10.05"]
[SourceVersion "1"]
[SourceVersionDate "2022.10.05"]
[SourceQuality "1"]

1. Nf3 Nf6 2. g3 b6 3. Bg2 Bb7 4. d4 e6 5. c4 g6 6. Nc3 Bg7 7. Qc2 d6 8. 0-0 0-0 9. e4 Nbd7 10. Rd1 Qc8 11. h3 h6 12. b3 a6 13. Bb2 Re8 14. Re1 e5 15. dxe5 dxe5 16. Nd5 c6 17. Nxf6+ Bxf6 18. Rad1 Kg7 19. Ba3 c5 20. Nd2 Nf8 21. Nf1 Ne6 22. Ne3 Nd4 23. Qb1 Bd8 24. Nd5 a5 25. Qd3 Bc6 26. Bb2 Ra7 27. Rf1 f6 28. Bc3 Rf8 29. Rde1 Raf7 30. g4 Ne6 31. Bd2 g5 32. Bf3 Qd7 33. a4 Rh8 34. Kg2 Kf8 35. Rh1 Nd4 36. Bd1 Rfh7 37. f3 1/2-1/2

[Event "Kampala Rwabushenyi Memorial"]
[Site "Kampala"]
[Date "2021.12.03"]
[Round "3"]
[White "Kizza, Faruk Fauza Karim"]
[Black "Kikabi, Jeffrey"]
[Result "0-1"]
[WhiteElo "1957"]
[BlackElo "1736"]
[PlyCount "88"]
[EventDate "2021.12.02"]
[EventType "swiss"]
[EventRounds "8"]
[EventCountry "UGA"]
[SourceTitle "EXT 2023"]
[Source "ChessBase"]
[SourceDate "2022.10.05"]
[SourceVersion "1"]
[SourceVersionDate "2022.10.05"]
[SourceQuality "1"]

1. e4 c6 2. d4 d5 3. f3 e6 4. Nc3 Bb4 5. Nge2 Nf6 6. a3 Be7 7. e5 Nfd7 8. f4 c5 9. g3 Nc6 10. Bg2 Nxd4 11. Nxd4 cxd4 12. Qxd4 Bc5 13. Qd3 a6 14. Ne2 0-0 15. b4 Ba7 16. Nd4 Nb6 17. Be3 Nc4 18. Bf2 Bd7 19. 0-0 Qc7 20. Rfe1 b5 21. c3 Rac8 22. Qe2 Rce8 23. Nb3 Bxf2+ 24. Qxf2 f6 25. exf6 Rxf6 26. Nc5 Bc8 27. Re2 Kh8 28. Bxd5 e5 29. Bxc4 bxc4 30. Qd4 Rd6 31. Rxe5 Rg8 32. Qe3 Qd8 33. Re1 Rd1 34. Rxd1 Qxd1+ 35. Qe1 Qd8 36. Re4 Bh3 37. Qe2 a5 38. Rd4 Qc8 39. Ne4 axb4 40. Nd6 Qc7 41. axb4 Ra8 42. Rd1 Qb6+ 43. Qf2 Qxd6 44. Qf3 Qb6+ 0-1

[Event "UGA-chT 2122"]
[Site "Kampala"]
[Date "2021.11.28"]
[Round "6.1"]
[White "Opoka, Joshua"]
[Black "Kizza, Faruk Fauza Karim"]
[Result "0-1"]
[WhiteElo "1631"]
[BlackElo "1957"]
[PlyCount "78"]
[EventDate "2021.10.24"]
[EventType "team-swiss"]
[EventRounds "14"]
[EventCountry "UGA"]
[SourceTitle "EXT 2023"]
[Source "ChessBase"]
[SourceDate "2022.10.05"]
[SourceVersion "1"]
[SourceVersionDate "2022.10.05"]
[SourceQuality "1"]
[WhiteTeam "MUK CC"]
[BlackTeam "Makindye CC"]
[WhiteTeamCountry "UGA"]
[BlackTeamCountry "UGA"]

1. d4 Nf6 2. Bf4 e6 3. Nf3 b6 4. e3 Bb7 5. Bd3 g6 6. Nbd2 Bg7 7. 0-0 0-0 8. c4 d6 9. Be2 Nbd7 10. Rc1 Re8 11. Bg5 h6 12. Bh4 g5 13. Bg3 Nh5 14. b4 Nxg3 15. hxg3 c5 16. bxc5 dxc5 17. Nb3 Qc7 18. Qc2 Rad8 19. Rfd1 Rc8 20. Rd2 Nf6 21. dxc5 bxc5 22. Rcd1 Re7 23. Rb1 Ne4 24. Rd3 g4 25. Ne1 Nf6 26. Rd2 Ne4 27. Rd3 h5 28. Rbd1 Be5 29. Nd2 f5 30. Rb3 Bc6 31. Nxe4 fxe4 32. Rbb1 Rf7 33. Bf1 Bxg3 34. fxg3 Qxg3 35. Qd2 Rcf8 36. Nc2 Ba4 37. Qe1 Rxf1+ 38. Qxf1 Rxf1+ 39. Rxf1 Bxc2 0-1

[Event "UGA-chT 2122"]
[Site "Kampala"]
[Date "2021.11.07"]
[Round "3.1"]
[White "Kizza, Faruk Fauza Karim"]
[Black "Egesa, Emmanuel"]
[Result "1/2-1/2"]
[WhiteElo "1957"]
[BlackElo "2091"]
[PlyCount "126"]
[EventDate "2021.10.24"]
[EventType "team-swiss"]
[EventRounds "14"]
[EventCountry "UGA"]
[SourceTitle "EXT 2023"]
[Source "ChessBase"]
[SourceDate "2022.10.05"]
[SourceVersion "1"]
[SourceVersionDate "2022.10.05"]
[SourceQuality "1"]
[WhiteTeam "Makindye CC"]
[BlackTeam "DMark CC"]
[WhiteTeamCountry "UGA"]
[BlackTeamCountry "UGA"]

1. d4 Nf6 2. Nf3 e6 3. c4 Bb4+ 4. Nc3 b6 5. e3 Bb7 6. Be2 0-0 7. 0-0 Bxc3 8. bxc3 Ne4 9. Qc2 d6 10. a4 a5 11. Nd2 Nxd2 12. Bxd2 f5 13. f3 Nd7 14. Bd3 Qf6 15. f4 Qg6 16. Be1 Nf6 17. h3 Be4 18. Bxe4 Nxe4 19. Rb1 Qe8 20. Qb3 Kh8 21. Qb5 Qf7 22. Qc6 Rae8 23. Rb5 Re7 24. Rf3 Qe8 25. Qxe8 Rexe8 26. Kf1 Kg8 27. Ke2 Kf7 28. Bd2 Ke7 29. Be1 Kd7 30. Kd3 h5 31. Rf1 Rg8 32. h4 Rgf8 33. Rb2 Rf6 34. Rf3 Rg6 35. Rf1 Rg4 36. Rf3 Rf8 37. Rh3 Rf6 38. Rh2 Rfg6 39. Ra2 Kc6 40. Rb2 Rh6 41. Rh3 Rh8 42. Rh2 Rd8 43. Ke2 Kb7 44. Kd3 Ka6 45. Ke2 Rb8 46. Kf3 Rg6 47. g3 Rf6 48. Rb3 c6 49. Rhb2 Rf7 50. Ke2 Rfb7 51. Kd3 g6 52. Rb1 b5 53. cxb5+ cxb5 54. Rxb5 Rxb5 55. axb5+ Rxb5 56. Ra1 d5 57. c4 dxc4+ 58. Kxc4 Nd6+ 59. Kc3 Rb8 60. Kc2 Rb5 61. Bc3 Ne4 62. Be1 Kb6 63. Ra3 Nf6 1/2-1/2

[Event "Kampala m7"]
[Site "Kampala"]
[Date "2021.10.17"]
[Round "2"]
[White "Kizza, Faruk Fauza Karim"]
[Black "Egesa, Emmanuel"]
[Result "1-0"]
[WhiteElo "2079"]
[BlackElo "1992"]
[PlyCount "42"]
[EventDate "2021.10.17"]
[EventType "match (rapid)"]
[EventRounds "6"]
[EventCountry "UGA"]
[SourceTitle "EXT 2023"]
[Source "ChessBase"]
[SourceDate "2022.10.05"]
[SourceVersion "1"]
[SourceVersionDate "2022.10.05"]
[SourceQuality "1"]

1. e4 c6 2. d4 d5 3. exd5 cxd5 4. Bd3 Nc6 5. c3 Nf6 6. Bf4 Bg4 7. Qb3 Qd7 8. Nd2 e6 9. Ngf3 Bd6 10. Bxd6 Qxd6 11. 0-0 0-0 12. Rfe1 Qc7 13. Ne5 Nxe5 14. dxe5 Nd7 15. Qa4 Nc5 16. Bxh7+ Kxh7 17. Qxg4 g6 18. Qh4+ Kg7 19. Qf6+ Kg8 20. Re3 Nd7 21. Qg5 Kg7 1-0

[Event "Kampala Kantinti Memorial op"]
[Site "Kampala"]
[Date "2020.02.14"]
[Round "2"]
[White "Kizza, Faruk Fauza Karim"]
[Black "Nsubuga, Ritah N"]
[Result "1-0"]
[WhiteElo "1968"]
[BlackElo "1711"]
[PlyCount "43"]
[EventDate "2020.02.14"]
[EventType "swiss"]
[EventRounds "7"]
[EventCountry "UGA"]
[SourceTitle "EXT 2021"]
[Source "ChessBase"]
[SourceDate "2020.10.23"]
[SourceVersion "1"]
[SourceVersionDate "2020.10.23"]
[SourceQuality "1"]

1. Nf3 e6 2. g3 Nf6 3. Bg2 g6 4. d4 d5 5. 0-0 Bg7 6. Nbd2 0-0 7. b3 Nbd7 8. Bb2 b6 9. c4 c5 10. Qc2 cxd4 11. Nxd4 Bb7 12. Rac1 a6 13. cxd5 Nxd5 14. Nc6 Qc8 15. Bxd5 Bxc6 16. Bxc6 Rb8 17. Bxg7 Kxg7 18. Ne4 f5 19. Qb2+ Nf6 20. Nxf6 Rxf6 21. Rfd1 Qf8 22. Rd7+ 1-0

[Event "UGA-chT"]
[Site "Kampala"]
[Date "2019.07.14"]
[Round "2.1"]
[White "Kizza, Faruk Fauza Karim"]
[Black "Okeyo, Austin Steve"]
[Result "1-0"]
[WhiteElo "2032"]
[BlackElo "1898"]
[PlyCount "79"]
[EventDate "2019.07.14"]
[EventType "team-swiss"]
[EventRounds "14"]
[EventCountry "UGA"]
[SourceTitle "CBM 195 Extra"]
[Source "ChessBase"]
[SourceDate "2020.05.31"]
[SourceVersion "1"]
[SourceVersionDate "2020.05.31"]
[SourceQuality "1"]
[WhiteTeam "Lweza CC"]
[BlackTeam "Western Express"]
[WhiteTeamCountry "UGA"]
[BlackTeamCountry "UGA"]

1. e4 c5 2. Nc3 Nc6 3. f4 e6 4. Nf3 a6 5. g3 d5 6. e5 Nge7 7. Bg2 Nf5 8. 0-0 h5 9. d3 h4 10. g4 h3 11. Bxh3 Rxh3 12. gxf5 exf5 13. Ng5 Rh6 14. Qf3 Be6 15. Ne2 d4 16. Nxe6 fxe6 17. Bd2 Qd7 18. Rf2 0-0-0 19. Rg2 Qf7 20. a3 Be7 21. Rb1 Rdh8 22. b4 Rh3 23. Qf1 Qh5 24. Ng3 Qh7 25. Qe2 Bh4 26. Nf1 Be7 27. b5 axb5 28. Rxb5 Kc7 29. Qd1 Ra8 30. Qb1 Ra7 31. Qb3 Qg8 32. Ng3 Qf7 33. a4 g5 34. fxg5 f4 35. g6 Qxg6 36. Ne2 Qh5 37. Bxf4 Qf5 38. Bg3 Rh6 39. Rf2 Qh3 40. Rf7 1-0

[Event "Kampala Kireka op 3rd"]
[Site "Kampala"]
[Date "2018.12.29"]
[Round "6"]
[White "Kizza, Faruk Fauza Karim"]
[Black "Luggya, Vianney"]
[Result "1-0"]
[WhiteElo "2046"]
[BlackElo "1878"]
[PlyCount "43"]
[EventDate "2018.12.27"]
[EventType "swiss"]
[EventRounds "8"]
[EventCountry "UGA"]
[SourceTitle "CBM 188 Extra"]
[Source "ChessBase"]
[SourceDate "2019.02.26"]
[SourceVersion "1"]
[SourceVersionDate "2019.02.26"]
[SourceQuality "1"]

1. e4 e6 2. Qe2 Be7 3. b3 d5 4. Bb2 Nf6 5. e5 Nfd7 6. Nf3 c5 7. g3 Nc6 8. Bg2 0-0 9. 0-0 Rb8 10. c4 dxc4 11. Qxc4 b5 12. Qe4 Bb7 13. Qe2 Qc7 14. Na3 Ba6 15. d3 Rfd8 16. Rfc1 Qb6 17. Bf1 Qa5 18. Nc2 c4 19. dxc4 bxc4 20. Qe1 cxb3 21. Qxa5 Nxa5 22. Bxa6 1-0

[Event "Kampala Kireka op 3rd"]
[Site "Kampala"]
[Date "2018.12.28"]
[Round "3"]
[White "Kaamu, Joseph"]
[Black "Kizza, Faruk Fauza Karim"]
[Result "0-1"]
[WhiteElo "1775"]
[BlackElo "2046"]
[PlyCount "56"]
[EventDate "2018.12.27"]
[EventType "swiss"]
[EventRounds "8"]
[EventCountry "UGA"]
[SourceTitle "CBM 188 Extra"]
[Source "ChessBase"]
[SourceDate "2019.02.26"]
[SourceVersion "1"]
[SourceVersionDate "2019.02.26"]
[SourceQuality "1"]

1. e4 c5 2. Nf3 a6 3. c3 d5 4. e5 d4 5. Bd3 Nc6 6. 0-0 e6 7. Re1 Nge7 8. Na3 b5 9. Nc2 c4 10. Be4 d3 11. Nb4 Bb7 12. Nd4 Qc7 13. a4 Nxd4 14. cxd4 Bxe4 15. Rxe4 Qb7 16. Qf3 Ng6 17. Na2 b4 18. h4 Be7 19. g3 0-0 20. h5 Nh8 21. Qg4 Qc6 22. Nc3 bxc3 23. dxc3 g6 24. Bd2 Rab8 25. Rae1 Rb7 26. R4e3 Rxb2 27. Rf3 Qxa4 28. d5 Rxd2 0-1

[Event "UGA-chT"]
[Site "Kampala"]
[Date "2018.07.05"]
[Round "7.1"]
[White "Kizza, Faruk Fauza Karim"]
[Black "Mugabi, Brian"]
[Result "1-0"]
[WhiteElo "2060"]
[BlackElo "1847"]
[PlyCount "29"]
[EventDate "2018.05.24"]
[EventType "team-swiss"]
[EventRounds "14"]
[EventCountry "UGA"]
[SourceTitle "CBM 187 Extra"]
[Source "ChessBase"]
[SourceDate "2018.11.04"]
[SourceVersion "1"]
[SourceVersionDate "2018.11.04"]
[SourceQuality "1"]
[WhiteTeam "Lweza CC"]
[BlackTeam "SOM Natetete"]
[WhiteTeamCountry "UGA"]
[BlackTeamCountry "UGA"]

1. e4 e5 2. Nf3 Nc6 3. Nc3 Nf6 4. g3 Bc5 5. Bg2 a6 6. 0-0 0-0 7. Nxe5 Nxe5 8. d4 Bxd4 9. Qxd4 Nc6 10. Qd3 h6 11. h3 d6 12. b3 Ne5 13. Qd1 Nh7 14. f4 Nc6 15. Bb2 1-0

[Event "UGA-chT"]
[Site "Kampala"]
[Date "2018.06.22"]
[Round "5.1"]
[White "Mwaka, Emmanuel"]
[Black "Kizza, Faruk Fauza Karim"]
[Result "1/2-1/2"]
[WhiteElo "2035"]
[BlackElo "2060"]
[PlyCount "42"]
[EventDate "2018.05.24"]
[EventType "team-swiss"]
[EventRounds "14"]
[EventCountry "UGA"]
[SourceTitle "CBM 187 Extra"]
[Source "ChessBase"]
[SourceDate "2018.11.04"]
[SourceVersion "1"]
[SourceVersionDate "2018.11.04"]
[SourceQuality "1"]
[WhiteTeam "Chess Dynasty CC"]
[BlackTeam "Lweza CC"]
[WhiteTeamCountry "UGA"]
[BlackTeamCountry "UGA"]

1. Nf3 c5 2. b3 d5 3. d4 Nf6 4. Bb2 e6 5. e3 Be7 6. c4 0-0 7. a3 b6 8. Nbd2 Nc6 9. Rc1 Ba6 10. Bd3 Bc8 11. 0-0 Na5 12. dxc5 bxc5 13. Qc2 h6 14. Rfd1 Qb6 15. Bc3 Rd8 16. Ne5 Nc6 17. Ndf3 Nxe5 18. Bxe5 Qa5 19. Bc3 Qb6 20. Be5 Qa5 21. Bc3 Qb6 1/2-1/2

[Event "UGA olympic qual"]
[Site "Kampala"]
[Date "2018.04.28"]
[Round "6"]
[White "Kawuma, Patrick"]
[Black "Kizza, Faruk Fauza Karim"]
[Result "1-0"]
[WhiteElo "2349"]
[BlackElo "2101"]
[PlyCount "85"]
[EventDate "2018.04.21"]
[EventType "tourn"]
[EventRounds "13"]
[EventCountry "UGA"]
[SourceTitle "EXT 2019"]
[Source "ChessBase"]
[SourceDate "2018.10.10"]
[SourceVersion "1"]
[SourceVersionDate "2018.10.10"]
[SourceQuality "1"]

1. c4 e6 2. Nc3 Nf6 3. e4 d5 4. e5 d4 5. exf6 dxc3 6. bxc3 Qxf6 7. d4 c5 8. Nf3 cxd4 9. Bg5 Qf5 10. cxd4 Bb4+ 11. Bd2 Qa5 12. Be2 Bxd2+ 13. Qxd2 Qxd2+ 14. Nxd2 Nc6 15. Nb3 0-0 16. Bf3 Rd8 17. 0-0-0 Rb8 18. Bxc6 bxc6 19. Kc2 Rb4 20. Kc3 Ra4 21. Ra1 Ba6 22. Nd2 Ra3+ 23. Kb4 Rd3 24. Nb3 c5+ 25. Nxc5 Rb8+ 26. Ka4 Rxd4 27. Nxa6 Rxc4+ 28. Ka5 Rb2 29. Rhb1 Rcc2 30. Rxb2 Rxb2 31. a4 Rxf2 32. Nc5 Rxg2 33. Ka6 e5 34. Kxa7 Rb2 35. a5 f5 36. a6 e4 37. Nb7 e3 38. Kb8 e2 39. a7 e1Q 40. Rxe1 Ra2 41. Nd6 g6 42. a8Q Rxa8+ 43. Kxa8 1-0

[Event "Kampala Kawuma op"]
[Site "Kampala"]
[Date "2018.03.10"]
[Round "5"]
[White "Kawuma, Patrick"]
[Black "Kizza, Faruk Fauza Karim"]
[Result "1/2-1/2"]
[WhiteElo "2339"]
[BlackElo "2050"]
[PlyCount "82"]
[EventDate "2018.03.08"]
[EventType "swiss"]
[EventRounds "8"]
[EventCountry "UGA"]
[SourceTitle "EXT 2019"]
[Source "ChessBase"]
[SourceDate "2018.10.10"]
[SourceVersion "1"]
[SourceVersionDate "2018.10.10"]
[SourceQuality "1"]

1. d4 d5 2. c4 e6 3. Nf3 Nf6 4. g3 Be7 5. Bg2 c5 6. cxd5 exd5 7. 0-0 0-0 8. Nc3 Nc6 9. Bf4 a6 10. dxc5 Bxc5 11. Rc1 Be7 12. Na4 Bd6 13. Be3 Bc7 14. Qb3 Re8 15. Rfd1 Rb8 16. Nc5 h6 17. Qd3 Ne7 18. Nd4 Bd6 19. b4 Ng4 20. Bd2 Ne5 21. Qb3 b6 22. Nd3 Nxd3 23. Qxd3 Bb7 24. Bh3 Bc8 25. Bxc8 Rxc8 26. a4 Ra8 27. Nc6 Qd7 28. b5 axb5 29. axb5 Bc5 30. Ne5 Qe6 31. Nf3 Qe4 32. Be1 Ra3 33. Qxe4 dxe4 34. Ne5 Rb3 35. Rb1 Rxb1 36. Rxb1 Rd8 37. Bb4 Bxb4 38. Rxb4 f5 39. Nc6 Rd1+ 40. Kg2 Nd5 41. Rc4 Rd2 1/2-1/2

[Event "Kampala Rwabushenyi Memorial"]
[Site "Kampala"]
[Date "2017.12.01"]
[Round "3"]
[White "Kizza, Faruk Fauza Karim"]
[Black "Wanyama, Harold"]
[Result "1/2-1/2"]
[WhiteElo "2115"]
[BlackElo "2280"]
[PlyCount "88"]
[EventDate "2017.11.30"]
[EventType "swiss"]
[EventRounds "8"]
[EventCountry "UGA"]
[SourceTitle "EXT 2019"]
[Source "ChessBase"]
[SourceDate "2018.10.10"]
[SourceVersion "1"]
[SourceVersionDate "2018.10.10"]
[SourceQuality "1"]

1. g3 d5 2. d4 Nf6 3. Bg2 e6 4. Nf3 Be7 5. 0-0 0-0 6. b3 Ne4 7. Bb2 c5 8. e3 Nc6 9. Nbd2 f5 10. c4 b6 11. Ne5 Nxe5 12. dxe5 Ba6 13. Rc1 Nxd2 14. Qxd2 dxc4 15. Qc3 Rc8 16. bxc4 Rc7 17. Rfd1 Qc8 18. f4 Rd8 19. Bf3 Rcd7 20. Rxd7 Rxd7 21. Kf2 Qd8 22. Rc2 Rd3 23. Qe1 Bxc4 24. Be2 Bxa2 25. Bxd3 Qxd3 26. Rd2 Qe4 27. Rd7 Bd5 28. Qe2 Bf8 29. Qh5 Qc2+ 30. Qe2 Qa4 31. Rd8 b5 32. Rb8 b4 33. Qd2 Qb3 34. Qc1 Qc4 35. Qxc4 Bxc4 36. Ra8 a6 37. Bc1 Bd3 38. e4 Bxe4 39. Rxa6 c4 40. Rxe6 c3 41. Re8 Kf7 42. Rc8 Be7 43. Ke3 Ke6 44. Re8 Kf7 1/2-1/2